000 00814cam a22002051 4500
001 000019948
005 20200929170213.0
008 780711s1969 ck b 000 0 spa
040 _aDO-SdBNP
_bspa
_cBNPHU
082 _axx
_bS231r
100 1 _aSanta, Eduardo,
_d1927-
_99801
245 1 0 _aRealidad y futuro del municipio colombiano /
_cEduardo Santa Loboguerrero.
260 _aBogotá :
_bImprenta Nacional,
_c1969.
300 _a79 p. ;
_c17 cm.
490 1 _aUniversidad Nacional. Dirección de Divulgación Cultural.
_apublicaciones.
500 _aIncluye referencias bibliográficas y notas al pie de las páginas
504 _aIncluye bibliografía (p. 73-78)
650 4 _aLocal government
_zColombia.
_942538
830 0 _aUniversidad Nacional. Dirección de Divulgación Cultural.
_ppublicaciones.
_942539
999 _c19461
_d19461